Normal view
MARC view
- الاردن - العصر الحديث - الشعر العربي
Entry Topical Term
001 - CONTROL NUMBER
- control field: 51756
003 - CONTROL NUMBER IDENTIFIER
- control field: JO-AjAnu
005 - DATE AND TIME OF LATEST TRANSACTION
- control field: 20230606082519.0
008 - FIXED-LENGTH DATA ELEMENTS
- fixed length control field: 230606|| aca||aabn | a|a d
040 ## - CATALOGING SOURCE
- Original cataloging agency: JO-AjAnu
- Transcribing agency: JO-AjAnu
150 ## - HEADING--TOPICAL TERM
- Topical term or geographic name entry element: الاردن - العصر الحديث - الشعر العربي
670 ## - SOURCE DATA FOUND
- Source citation: Work cat.: (JO-AjAnu)26454: ربابعة، شفيق أحمد, author 51755, الثائرون وحجج المتبصرين